Text on Flags - Statistics

General Stats
  • This quiz has been taken 15 times
  • The average score is 8 of 15
Answer Stats
Text Country % Correct
Dios, Patria, Libertad (Microscopic) and República Dominicana (Also Microscopic) Dominican Republic
93%
لَا إِلٰهَ إِلَّا الله مُحَمَّدٌ رَسُولُ الله (Massive) Saudi Arabia
93%
Bolivia (Miniature) Bolivia
87%
Ordem e Progresso (Big-ish) Brazil
87%
اَللَّٰهُ أَكْبَرُ (Huge) Iraq
80%
Republica Del Paraguay (Petite) Paraguay
80%
REPÚBLICA DE EL SALVADOR EN LA AMÉRICA CENTRAL (Medium), DIOS UNIÓN LIBERTAD (Compact) and 15 DE SEPTIEMBRE DE 1821 (Micro) El Salvador
73%
Plus Ultra (Mini) Spain
60%
LIBERTAD 15 DE SEPTIEMBRE DE 1821 (Pocket sized) Guatemala
53%
Sub Umbra Floreo (Ickle) Belize
40%
Libertas (Minute) San Marino
33%
Unidad, Paz, Justicia (Teeny) Equatorial Guinea
20%
L'Union fait la Force (Pint-sized) Haiti
20%
For Gallantry (Nanoscopic) Malta
13%
Virtus Unita Fortior (Smol) Andorra
7%
No matching quizzes found
Score Distribution
Percent of People with Each Score
Percentile by Number Answered
Your Score History
You have not taken this quiz